El Delito de Prevaricacin̤ Judicial

Detalles Bibliográficos
Autor principal: Cardona ℓlvarez, Germǹ Rm̤ulo
Formato: eBook
Lenguaje:español
Publicado: La Paz: Editorial Acadm̌ica Espaǫla, 2019
Materias:
Acceso en línea:Acceso restringido

MARC

LEADER 00000nam a22000007a 4500
005 20190930222520.0
007 cr|||| ||||
008 190930s2019 bo |||||s|||| 00||0 spa d
020 |a 9783659605468 
035 |a 28839 
040 |a vLex 
090 |c 9674  |d 9674 
100 1 |a Cardona ℓlvarez, Germǹ Rm̤ulo 
245 1 2 |a El Delito de Prevaricacin̤ Judicial  |h [Recurso electrn̤ico] /  |c Germǹ Rm̤ulo Cardona ℓlvarez 
256 |a Servicio en ln̕ea 
260 |a La Paz:  |b Editorial Acadm̌ica Espaǫla,  |c 2019 
300 |a 1 recurso electrn̤ico 
500 |a El presente trabajo centra su temt̀ica investigativa en los fundamentos que sustentan los presupuestos como base acusatoria del delito de prevaricacin̤ judicial, desde sus org̕enes ms̀ remotos que se tiene conocimiento y que la historia de la humanidad nos relata en los escritos denominados “Antiguo Testamento” del libro llamado; “La Santa Biblia” o el Panteteuco de la Torah judaica. Hoy dentro del proceso de refundacin̤ del nuevo Estado Social Plurinacional Democrt̀ico y de Derecho de Bolivia, el pueblo abriga las esperanzas de refundarse tambiň las instituciones pb︢licas mediante convocatorias y el acceso a la funcin̤ pb︢lica a travš del sistema de concurso de mřitos basado en la idoneidad y la capacidad profesional, la incorporacin̤ de una Polt̕ica criminal contra la corrupcin̤ pb︢lica que permita una verdadera transmisin̤ de la fiabilidad hacia el ciudadano de sus instituciones pb︢licas y la concienciacin̤ del funcionario de que su deber est ̀sustentado en la honestidad y la probidad de sus actos en el cumplimiento de sus funciones como tales y sobre todo la seguridad del exacto sometimiento y cumplimiento de la ley. 
506 1 |a Disponible solo en los productos indicados  |d vLex Global  |d vLex Global (Academic Edition, excluding Law Schools)  |d vLex Global (U.S. Academic Edition, Law Schools)  |d vLex Global (U.S. Academic Edition, excluding Law Schools)  |d vLex Global (Academic Edition, Law Schools) 
650 0 4 |a Derecho Pb︢lico y Administrativo  |z Bolivia 
740 0 |a vLex Libros (Servicio en ln̕ea) 
856 4 0 |u http://vlex.com/source/28839  |z Acceso restringido 
942 |c BOOK 
999 0 |a Public and Administrative Law